| 000 | 00451nam a22001217a 4500 | ||
|---|---|---|---|
| 082 |
_a611 _bHUM |
||
| 245 |
_aBD Chaurasia's Human Anatomy: Regional and Applied Dissection and Clinical Brain-Neuroanatomy / _cEdited by Krishna Garg; Pragati Sheel Mittal; Mrudula Chandrupatla |
||
| 250 | _a7th Edition. | ||
| 260 |
_aNew Delhi : _bCBS Publishers & Distributor pvt Ltd, _c2016. |
||
| 300 |
_a206 p. ; _bill, _c28 cm. |
||
| 563 | _aPBK. | ||
| 942 |
_2ddc _cBK |
||
| 999 |
_c595528 _d595528 |
||